The Biology of Blood-sucking in Insects (Record no. 7071)

MARC details
000 -LEADER
fixed length control field 01461cam a22003857a 4500
001 - CONTROL NUMBER
control field 14445816
003 - CONTROL NUMBER IDENTIFIER
control field OSt
005 - DATE AND TIME OF LATEST TRANSACTION
control field 20240411120117.0
008 - FIXED-LENGTH DATA ELEMENTS--GENERAL INFORMATION
fixed length control field 060711s2005 enkab 1 eng d
010 ## - LIBRARY OF CONGRESS CONTROL NUMBER
LC control number 2006530822
020 ## - INTERNATIONAL STANDARD BOOK NUMBER
International Standard Book Number 0521836085 (hbk.)
020 ## - INTERNATIONAL STANDARD BOOK NUMBER
International Standard Book Number 0521543959 (pbk.)
024 3# - OTHER STANDARD IDENTIFIER
Standard number or code 9780521836081 (hbk.)
024 3# - OTHER STANDARD IDENTIFIER
Standard number or code 9780521836085 (pbk.)
035 ## - SYSTEM CONTROL NUMBER
System control number (CStRLIN)ILCGHZ5704966-B
035 ## - SYSTEM CONTROL NUMBER
System control number (ICU)hz5704966
040 ## - CATALOGING SOURCE
Original cataloging agency NhCcYBP
Transcribing agency DDC
Modifying agency DLC
042 ## - AUTHENTICATION CODE
Authentication code lccopycat
050 00 - LIBRARY OF CONGRESS CALL NUMBER
Classification number QL494
Item number .L34 2005
082 00 - DEWEY DECIMAL CLASSIFICATION NUMBER
Classification number 595.7 LEH2005
100 1# - MAIN ENTRY--PERSONAL NAME
Personal name Lehane, M. J.;
9 (RLIN) 14565
245 14 - TITLE STATEMENT
Title The Biology of Blood-sucking in Insects
250 ## - EDITION STATEMENT
Edition statement 2nd ed.
260 ## - PUBLICATION, DISTRIBUTION, ETC. (IMPRINT)
Place of publication, distribution, etc. Cambridge ;
Name of publisher, distributor, etc. Cambridge University Press,
Date of publication, distribution, etc. 2005.
300 ## - PHYSICAL DESCRIPTION
Extent xii, 321 p. :
Other physical details ill., maps
Dimensions 24 cm.
500 ## - GENERAL NOTE
General note Previous ed. published as: Biology of blood-sucking insects / HarperCollins, 1991.
504 ## - BIBLIOGRAPHY, ETC. NOTE
Bibliography, etc Includes bibliographical references and index.
650 #0 - SUBJECT ADDED ENTRY--TOPICAL TERM
Topical term or geographic name as entry element Biology
9 (RLIN) 5602
856 42 - ELECTRONIC LOCATION AND ACCESS
Materials specified Publisher description
Uniform Resource Identifier <a href="http://www.loc.gov/catdir/enhancements/fy0664/2006530822-d.html">http://www.loc.gov/catdir/enhancements/fy0664/2006530822-d.html</a>
856 41 - ELECTRONIC LOCATION AND ACCESS
Materials specified Table of contents only
Uniform Resource Identifier <a href="http://www.loc.gov/catdir/enhancements/fy0664/2006530822-t.html">http://www.loc.gov/catdir/enhancements/fy0664/2006530822-t.html</a>
856 42 - ELECTRONIC LOCATION AND ACCESS
Materials specified Contributor biographical information
Uniform Resource Identifier <a href="http://www.loc.gov/catdir/enhancements/fy0733/2006530822-b.html">http://www.loc.gov/catdir/enhancements/fy0733/2006530822-b.html</a>
906 ## - LOCAL DATA ELEMENT F, LDF (RLIN)
a 7
b cbc
c copycat
d 2
e ncip
f 20
g y-gencatlg
942 ## - ADDED ENTRY ELEMENTS (KOHA)
Source of classification or shelving scheme Dewey Decimal Classification
Koha item type Open Shelf
Holdings
Withdrawn status Lost status Source of classification or shelving scheme Damaged status Not for loan Home library Current library Date acquired Source of acquisition Inventory number Total Checkouts Full call number Barcode Date last seen Koha item type
    Dewey Decimal Classification     MUST Main Library MUST Main Library 11/04/2024 Donation 07/28740   595.7 LEH 2005 2024-0125 11/04/2024 Open Shelf